|
|
|
|
| LEADER |
00000ny a22000003n 4500 |
| 005 |
20110621104917.0 |
| 008 |
090305s2009 sp 00 0 spa d |
| 020 |
|
|
|a 9788498493924
|
| 035 |
|
|
|a 4744
|
| 040 |
|
|
|a BUS
|d vLex
|
| 080 |
|
|
|a 343.55-055.2(460)
|
| 090 |
|
|
|c 911
|d 911
|
| 245 |
0 |
3 |
|a La Ley Integral
|h [Recurso electrn̤ico]
|b un estudio multidisciplinar /
|c Mara̕ Jos ̌Jimňez Da̕z (coordinadora) ; Nuria Castell ̤Nics̀ ...[et al.]
|
| 256 |
|
|
|a Servicio en ln̕ea
|
| 260 |
|
|
|a Madrid :
|b Dykinson,
|c 2009
|
| 300 |
|
|
|a 541 p. ;
|c 24 cm
|
| 504 |
|
|
|a Bibliografa̕ :p. [517]-541
|
| 506 |
1 |
|
|a Contenido solo disponible en los productos indicados
|d vLex Global
|d vLex Global (Academic Edition, excluding Law Schools)
|d vLex Global (U.S. Academic Edition, Law Schools)
|d vLex Global (U.S. Academic Edition, excluding Law Schools)
|d vLex Global (Academic Edition, Law Schools)
|
| 650 |
0 |
4 |
|a Violencia con las mujeres
|x Derecho
|z Espaą
|
| 700 |
1 |
|
|a Castell ̤Nics̀, Nuria,
|e coaut.
|
| 700 |
1 |
|
|a Jimňez Da̕z, Mara̕ Jos,̌
|e coord.
|
| 740 |
0 |
|
|a vLex Libros (Servicios en ln̕ea)
|
| 856 |
4 |
0 |
|u http://vlex.com/source/4744
|z Acceso restringido
|
| 942 |
|
|
|c BOOK
|